00257nam a2200109Ia 4500008004100000082001000041100002100051245002200072260000900094630002200103730002200125100328s9999 xx 000 0 und d b50349 aHarris Thomas A. aI Am Ok Youre Ok. bAvon aI Am Ok Youre Ok. aI Am Ok Youre Ok.